Devine le pays selon sa particularité - Statistiques

Statistiques générales
  • Ce quiz a été pris 74 fois
  • Le résultat moyen est 12 sur 20
Statistiques - réponses
Hint Réponse % Correct
Quel pays compte trois capitales officielles ? Afrique du Sud
89%
Quel pays possède plus de lacs que tous les autres pays réunis ? Canada
89%
Quel est le plus grand pays insulaire du monde ? Australie
88%
Quel est le pays le plus peuplé d’Afrique ? Nigeria
88%
Dans quel pays se situe le lac le plus profond et le plus ancien du monde ? Russie
86%
Quel est le plus vaste pays n'utilisant qu'un seul fuseau horaire ? Chine
83%
Quel pays est le seul au monde à avoir un drapeau non rectangulaire ? Népal
81%
Quel pays possède le plus grand nombre de fuseaux horaires ? France
80%
Dans quel pays se trouve la plus grande pyramide du monde (en volume), sous une colline ? Mexique
77%
Quel pays compte plus de 17 000 îles, dont environ 6 000 habitées ? Indonésie
70%
Quel est le seul pays qui possède plus de pyramides que l’Égypte ? Soudan
59%
Quel est le seul pays doublement enclavé d’Europe ? Liechtenstein
58%
Quel est le plus grand désert du monde ? Antarctique
48%
Quel est le plus jeune pays du monde (indépendance la plus récente) ? Soudan du Sud
45%
Quel pays a le plus fort taux d’incarcération au monde ? Salvador
36%
Quel est le plus grand pays sans rivière naturelle permanente ? Arabie saoudite
34%
Quel pays possède le plus grand nombre de langues vivantes (800+) ? Papouasie-Nouvelle-Guinée
33%
Dans quel pays trouve-t-on une célèbre île dans un lac, sur une île dans un lac ? Philippines
25%
Quel pays est situé dans les quatre hémisphères de la Terre (Nord, Sud, Est et Ouest) ? Kiribati
14%
Le drapeau de ce pays possède 12 couleurs, ce qui en fait le plus coloré du monde. Belize
11%
Aucun quiz correspondant
Distribution des résultats
% des personnes avec chaque résultat
Percentile par nombre de réponses
Votre historique - résultats
Vous n’avez pas pris ce quiz